Normal view
MARC view
- Janjua, Mushtaq Ahmed
Entry Personal Name
001 - CONTROL NUMBER
- control field: 16030
003 - CONTROL NUMBER IDENTIFIER
- control field: NUST
005 - DATE AND TIME OF LATEST TRANSACTION
- control field: 20190630070702.0
008 - FIXED-LENGTH DATA ELEMENTS
- fixed length control field: 190630|| aca||aabn | a|a d
040 ## - CATALOGING SOURCE
- Original cataloging agency: NUST
- Transcribing agency: NUST
100 ## - HEADING--PERSONAL NAME
- Personal name: Janjua, Mushtaq Ahmed
670 ## - SOURCE DATA FOUND
- Source citation: Work cat.: (NUST): Janjua, Mushtaq Ahmed, Tarikh Rajput w Janjua /, 2010.
